Statistiques concernant Les plus grandes villes francophones en Europe

Cliquez ici pour prendre le quiz!

Statistiques générales

  • Ce quiz a été pris 598 fois
  • Le résultat moyen est 42 sur 75

Statistiques - réponses

#PaysPopulationAgglomeration% Correct
1FR10.859.000Paris
100%
2BE1.931.000Bruxelles
99%
4FR1.615.000Marseille - Aix-en-Provence
99%
3FR1.685.000Lyon
98%
5FR1.052.000Lille
94%
7FR987.000Bordeaux
93%
6FR1.035.000Toulouse
92%
8FR952.000Nice
91%
14FR478.000Strasbourg
91%
9FR664.000Nantes
90%
21FR364.000Rennes
88%
10CH611.000Genève
87%
47LU182.000Luxembourg
83%
17FR458.000Montpellier
83%
39FR203.000Brest
82%
29FR274.000Clermont-Ferrand
76%
18FR453.000Grenoble
76%
12BE544.000Liège
76%
11FR586.000Toulon
76%
34FR233.000Le Havre
75%
36FR215.000Reims
75%
20FR374.000Saint-Étienne
75%
32FR247.000Dijon
74%
26FR288.000Metz
74%
27FR287.000Nancy
72%
15FR472.000Rouen
72%
37FR207.000Caen
71%
33FR245.000Angers
70%
22FR362.000Tours
70%
28FR284.000Orléans
69%
46FR183.000Nîmes
68%
40FR203.000Perpignan
66%
49FR165.000Amiens
65%
54FR135.000La Rochelle
64%
31FR247.000Mulhouse
62%
48FR181.000Annecy
59%
50FR164.000Dunkerque
59%
19CH438.000Lausanne
59%
68FR97.000Calais
57%
35FR221.000Le Mans
57%
45FR186.000Limoges
57%
41FR201.000Pau
57%
56FR133.000Poitiers
57%
57FR132.000Valence
55%
16FR459.000Avignon
54%
59FR122.000Lorient
54%
23BE357.000Charleroi
53%
13FR504.000Douai - Lens
53%
52FR140.000Besançon
52%
53FR138.000Troyes
51%
70FR95.000Colmar
50%
30FR257.000Bayonne
45%
42FR194.000Chambéry
45%
73FR94.000Béziers
42%
65BE103.000Namur
39%
44FR188.000Saint-Nazaire
36%
25FR335.000Valenciennes
31%
63FR110.000Angoulême
30%
38BE207.000Mons
30%
71FR95.000Saint-Brieuc
22%
74FR92.000Sète
21%
72LU94.000Esch-sur-Alzette
19%
62CH111.000Fribourg
19%
66FR99.000Fréjus
17%
69FR97.000Vienne
14%
43FR190.000Annemasse
13%
60FR113.000Montbéliard
13%
55FR135.000Thionville
13%
67FR98.000Alès
12%
61FR111.000Maubeuge
11%
24FR356.000Béthune
10%
64CH109.000Bienne
8%
51BE142.000La Louvière
8%
58FR126.000Creil
6%
75FR91.000Cluses
2%

Distribution des résultats

Percentile par nombre de réponses

% des personnes avec chaque résultat

Votre développement - résultats

Vous n’avez pas pris ce quiz